| 000 | 00580cam a22001697a 4500 | ||
|---|---|---|---|
| 020 | _a9789251078556 (pbk.) | ||
| 020 | _a9251078556 (pbk.) | ||
| 040 | _cDKU | ||
| 082 | 0 | 0 | _a333 FOO 2013 A016 Or. |
| 245 | 0 | 0 | _aGenebank standards for plant genetic resources for food and agriculture. |
| 260 |
_aRome : _bFood and Agriculture Organization of the United Nations, _c2013. |
||
| 300 |
_axi, 166 p. : _bcol. ill. ; _c25 cm. |
||
| 650 | 0 | _aGene banks, Plant | |
| 650 | 0 | _aGermplasm resources, Plant | |
| 710 | 2 | _aFood and Agriculture Organization of the United Nations. | |
| 942 | _cEK | ||
| 999 |
_c11412 _d11412 |
||